Využitie softvérovej podpory na riešenie úloh riadenia projektov diplomová práca

Salvato in:
Dettagli Bibliografici
Autore principale: Kolenčík, Michal
Ente Autore: Fakulta hospodárskej informatiky EU. Katedra operačného výskumu a ekonometrie
Altri autori: Reiff, Marian, 1978-
Natura: Libro
Lingua:slovacco
Pubblicazione: Bratislava 2014
Tags: Aggiungi Tag
Nessun Tag, puoi essere il primo ad aggiungerne!!

MARC

LEADER 00000nbm a2200000 4500
001 0188523
005 20170201103711.6
041 0 |a slo 
044 |a SK 
245 1 0 |a Využitie softvérovej podpory na riešenie úloh riadenia projektov  |b diplomová práca  |c Michal Kolenčík ; školiteľ: Marian Reiff 
264 1 |a Bratislava  |c 2014 
300 |a 81 s. 
100 1 |a Kolenčík, Michal 
700 1 |a Reiff, Marian, 1978- 
710 2 |a Fakulta hospodárskej informatiky EU. Katedra operačného výskumu a ekonometrie